[Event "FIDE World Cup"]
[Site "Tbilisi"]
[Date "2017.09.03"]
[Round "1.1"]
[White "Carlsen, Magnus"]
[Black "Balogun, Oluwafemi"]
[Result "1-0"]
[WhiteElo "2827"]
[BlackElo "2255"]
[Annotator "Sagar,Shah"]
[PlyCount "77"]
[EventDate "2017.09.03"]
[EventType "k.o."]
[EventRounds "7"]
[EventCountry "GEO"]
[SourceTitle "CBM 181"]
[Source "ChessBase"]
[SourceDate "2017.11.10"]
[SourceVersion "1"]
[SourceVersionDate "2017.11.10"]
[SourceQuality "1"]
[TimeControl "40/5400+30:1800+30"]

1. e4 {[%emt 0:00:00]} d6 {[%emt 0:01:19]} 2. d4 {[%emt 0:00:00]} g6 {[%emt 0:00:29]} 3. Bc4 {[%emt 0:00:50] Magnus goes for something that the opponent would not have prepared.} Nf6 {[%emt 0:02:38]} 4. Qe2 {[%emt 0:00:12] Mikhail Tal played this before, Carlsen must know this game as he has adopted similar plan in his game.} Nc6 {[%emt 0:02:59]} 5. Nf3 {[%emt 0:03:23]} Bg7 {[%emt 0:04:46]} (5... Bg4 6. Bb5 (6. c3 $14) 6... Nd7 7. c3 e5 8. d5 Ncb8 9. h3 Bxf3 10. Qxf3 Be7 11. g3 Bg5 12. Nd2 h5 13. h4 Bh6 14. Nf1 Bxc1 15. Rxc1 a6 16. Ba4 Kf8 17. Ne3 Nf6 18. O-O Nbd7 19. b4 Kg7 20. Bc2 a5 21. a3 axb4 22. cxb4 Nb6 23. Ra1 Qd7 24. Rfc1 Ra7 25. Bd3 Rha8 26. Rc3 Na4 27. Rc2 Nb6 28. Rc3 Na4 29. Rc2 Nb6 {½-½ (29) Tal,M (2625)-Matulovic,M (2525) Skopje 1972}) 6. O-O {[%emt 0:20:34]} Bg4 {[%emt 0:07:18]} 7. c3 {[%emt 0:01:32] Because White has not developed his knight to c3, he gets to bolster his centre.} O-O {[%emt 0:09:31]} 8. h3 {[%emt 0:06:29]} Bxf3 {[%emt 0:06:29]} 9. Qxf3 {[%emt 0:00:35] I would say such positions are a nightmare against Magnus. Not only does he have the centre, but also the bishop pair.} e5 {[%emt 0:00:22]} 10. Rd1 {[%emt 0:05:32]} ({RR} 10. Be3 Nd7 11. Nd2 exd4 12. cxd4 Nxd4 13. Bxd4 Bxd4 14. Qb3 Nc5 15. Qc2 Qf6 16. Rab1 a5 17. Nf3 Be5 18. a3 Kg7 19. b4 axb4 20. axb4 Nd7 21. b5 Nc5 22. b6 c6 23. Rfd1 Ra3 24. Qe2 Na4 {Levitan,C (2385)-Ilinca,F (2446) chess.com INT 2025 0-1}) 10... Qe8 $146 {[%emt 0:08:42][%csl Ge4] Getting away from the rook's fire and threatening to capture the pawn on e4.} ({RR} 10... Nd7 11. Be3 Kh8 12. Qg3 Qe8 13. dxe5 Ndxe5 14. Be2 f5 15. exf5 gxf5 16. Na3 Ng6 17. Bh5 f4 18. Bxf4 Rxf4 19. Bxg6 Qf8 20. Bc2 Be5 21. Nb5 Qf7 22. Qe3 Rf8 23. Rd2 Qg7 24. Be4 Re8 25. Kh1 {Luukkonen,T (2290)-Sychev,K (2563) Moscow 2019 0-1 (52)}) ({RR} 10... Nd7 11. Qe3 Kh8 12. dxe5 Ncxe5 13. Bf1 f5 14. f4 Nf7 15. exf5 gxf5 16. Qf3 c6 17. Bd3 d5 18. Bxf5 Nd6 19. Bc2 Qb6+ 20. Qf2 Rae8 21. Qxb6 Nxb6 22. a4 Nbc4 23. Na3 Nxa3 24. Rxa3 Nc4 25. Ra1 {Bacrot,E (2677)-Adhiban,B (2682) Zagreb 2018 1-0 (60)}) ({RR} 10... Nd7 11. Be3 Kh8 12. Bb5 Qe7 13. Na3 f5 14. Bxc6 bxc6 15. exf5 e4 16. f6 Nxf6 17. Qe2 Nd5 18. Nc2 Rae8 19. Re1 Qf7 20. c4 Ne7 21. Rad1 Nf5 22. b3 h5 23. Bg5 Kh7 24. Qd2 a5 25. Qxa5 {Lenderman,A (2634)-Sadhwani,R (2545) Chess.com INT 2020 0-1 (62)}) 11. d5 {[%emt 0:11:41][%csl Gc4,Gd5][%cal Rc4d5] Shutting down your own bishop is not ideal. However, it closes the centre and gives White the much needed time to complete his development. Other choices like e3 or d2 did not work as in both cases one of the central pawns would fall.} Ne7 {[%emt 0:01:46]} 12. Qe2 $14 {[%emt 0:01:25][%csl Gc1,Gc4,Gd5,Ge4] The position is similar to the King's Indian Defence but the major difference is that Black is missing the light-squared bishop which is usually a very important piece.} Nh5 {[%emt 0:06:07]} 13. Bb5 {[%emt 0:07:30]} Qc8 {[%emt 0:05:59]} 14. Na3 {[%emt 0:01:29]} a6 {[%emt 0:02:55]} 15. Ba4 {[%emt 0:01:07]} f5 {[%emt 0:08:06] Good strong play by Balogun. He realises that he must do something active before White can finish his development.} 16. Bc2 {[%emt 0:03:53]} f4 $6 {[%emt 0:06:42] Closing the position wasn't the best idea.} (16... fxe4 $5 {looks more reasonable} 17. Bxe4 Nf6 18. Bf3 Qd7 19. Bg5 Rae8 $11) 17. Qg4 $1 {[%emt 0:04:09] A really good decision, Black's threat was to play f3 and shatter White's kingside. Now if Black exchanges queens then White will have a small edge as he has the bishop pair and if Black doesn't exchange then White will be in a good position to repel Black's attack.} Qxg4 {[%emt 0:04:06]} (17... Nf6 18. Qxc8 Rfxc8 $14 {gives White a small edge like in the game.}) (17... Qd8 $5 {keeping the queens on should have been preferred.}) 18. hxg4 {[%emt 0:01:14]} Nf6 {[%emt 0:00:10]} 19. g5 {[%emt 0:00:28]} (19. f3 $6 h5 $1 $11) 19... Nd7 {[%emt 0:04:27]} 20. Nc4 {[%emt 0:00:07]} b6 {[%emt 0:00:38]} 21. b4 {[%emt 0:00:29] As the kingside is closed White is in a good position to start his activity on the queenside.} h6 {[%emt 0:01:51]} 22. gxh6 {[%emt 0:01:42]} Bxh6 {[%emt 0:00:55]} 23. g4 $5 {[%emt 0:01:22]} (23. a4 $14 {was also slightly better for White.}) 23... Nf6 {[%emt 0:01:09]} 24. f3 {[%emt 0:00:04] The kingside is now under control. Over to the queenside.} Bg5 {[%emt 0:00:15]} 25. Kg2 {[%emt 0:01:38]} Kg7 {[%emt 0:01:27]} 26. a4 {[%emt 0:00:54]} Bh4 {[%emt 0:01:43][%cal Gh4g3,Gf8h8] Trying to create counterplay on the kingside with ...g3, ...h8 and ...h2.} 27. Bd2 {[%emt 0:01:32]} g5 {[%emt 0:00:53]} 28. Rh1 {[%emt 0:03:59]} Ng6 {[%emt 0:02:05]} 29. Kf1 {[%emt 0:00:44][%cal Gh4g3,Gg6h4] Getting away from the line of fire as ...g3 and ...h4 was threatened.} Rh8 {[%emt 0:01:37]} 30. Ke2 {[%emt 0:00:12]} Bg3 {[%emt 0:00:50]} 31. a5 $1 {[%emt 0:01:16]} b5 $6 {[%emt 0:00:57]} (31... bxa5 {looks odd but this was the best choice as after} 32. Nxa5 Rh4 $1 33. c4 (33. Nc6 Rah8 {and Black will have control over the h-file and good counterplay.} 34. Rxh4 gxh4 {[%cal Gh4h2]} 35. c4 h3 $11) 33... Rah8 34. Rxh4 Nxh4 {[%cal Gh4f3] and now White needs to be careful as ...xf3 is a nice tactical idea hanging in there.} 35. Rg1 $11 (35. c5 $2 {will fail to the nice} Nxf3 $1 36. Kxf3 Rh2 37. Rf1 Rxd2 $19) 35... Nxf3 {is still possible} 36. Kxf3 Rh2 37. Rg2 Rh3 38. Rg1 Rh2 39. Rg2 $11) 32. Na3 {[%emt 0:00:01] White's plan is very clear. Play c4, then b5-break and finally get a passed a-pawn.} Ne7 {[%emt 0:00:56]} 33. c4 {[%emt 0:02:22]} c6 {[%emt 0:00:53]} 34. dxc6 {[%emt 0:01:03]} Nxc6 {[%emt 0:00:09]} 35. Bc3 $1 {[%emt 0:00:05][%csl Rd4][%cal Rc6d4]} Rxh1 {[%emt 0:05:35]} 36. Rxh1 {[%emt 0:00:02]} bxc4 {[%emt 0:00:43]} 37. Nxc4 {[%emt 0:00:03] Now it's over.} Rb8 {[%emt 0:01:00]} (37... Rd8 38. Nb6 $18 {[%cal Gc2d3,Gd3a6]}) 38. Nxd6 {[%emt 0:00:29]} Kg6 {[%emt 0:00:30]} (38... Nxb4 39. Nf5+ Kg6 40. Rh6+ Kf7 41. Bb3+ $18) 39. Nf5 {[%emt 0:00:25] White is in control and Black's king is close to getting mated. Magnus scored his first win of the event.} 1-0

[Event "FIDE World Cup"]
[Site "Tbilisi"]
[Date "2017.09.07"]
[Round "2.2"]
[White "Carlsen, Magnus"]
[Black "Dreev, Alexey"]
[Result "1-0"]
[WhiteElo "2822"]
[BlackElo "2648"]
[PlyCount "59"]
[EventDate "2017.09.03"]
[EventType "k.o."]
[EventRounds "7"]
[EventCountry "GEO"]
[SourceTitle "CBM 181"]
[Source "ChessBase"]
[SourceDate "2017.11.10"]
[SourceVersion "1"]
[SourceVersionDate "2017.11.10"]
[SourceQuality "1"]

1. e4 c5 2. Nf3 d6 3. Bb5+ Nd7 4. a4 Ngf6 5. Nc3 g6 6. a5 Bg7 7. a6 O-O 8. O-O e6 $146 ({RR} 8... bxa6 9. Bxa6 Bxa6 10. Rxa6 Nb8 11. Ra1 Nc6 12. d3 Nd7 13. Bd2 Rb8 14. b3 e6 15. Ra6 Qc7 16. Qa1 Rb7 17. Qc1 Nb4 18. Ra3 Nb8 19. Na2 N8c6 20. Bh6 Bxh6 21. Qxh6 f6 22. Qd2 Nxa2 23. Rxa2 {Jaskolka,T (2241)-Dias,P (2308) chess.com INT 2024 1-0 (73)}) ({RR} 8... Qc7 9. Re1 bxa6 10. Bxa6 Bxa6 11. Rxa6 c4 12. d4 cxd3 13. cxd3 Qb7 14. Ra3 Rfc8 15. h3 Nc5 16. Qe2 Rab8 17. d4 Ncxe4 18. Nxe4 Nxe4 19. Bf4 Nf6 20. Qxe7 Qxe7 21. Rxe7 Nd5 22. Bxd6 Nxe7 23. Bxe7 {Carlsen,M (2832)-Niemann,H (2733) Paris FRA 2024 1-0 (37)}) ({RR} 8... bxa6 9. Bxa6 Bxa6 10. Rxa6 Qc8 11. Ra3 Qc6 12. Qe2 Nh5 13. d3 a5 14. Bd2 Ra7 15. Rfa1 Rfa8 16. g3 Nhf6 17. R1a2 Ne8 18. b3 Nc7 19. Nh4 e6 20. Ng2 Nb5 21. Nxb5 Qxb5 22. Qe1 a4 23. Bc3 {Jaiswal,R (2064)-De Lomas Busquets,A (1997) chess.com INT 2025 1-0 (74)}) ({RR} 8... bxa6 9. Bxa6 Bxa6 10. Rxa6 Nb8 11. Ra3 Nc6 12. d3 Qb6 13. b3 Nd7 14. Bb2 Qb7 15. Qa1 a5 16. Nd5 Bxb2 17. Qxb2 a4 18. Qc1 e6 19. Ne3 axb3 20. Rxb3 Qc7 21. Qb2 Rfb8 22. Rxb8+ Rxb8 23. Qc3 {Carlsen,M (2847)-Artemiev,V (2704) Chess24.com INT 2021 ½-½ (51)}) ({RR} 8... bxa6 9. Bxa6 Bxa6 10. Rxa6 Nb8 11. Ra4 Nc6 12. Re1 Nd7 13. d3 Rb8 14. Nd2 Nb6 15. Ra2 Qd7 16. Nb3 Rfc8 17. Na5 Nxa5 18. Rxa5 Rb7 19. Qd2 Na8 20. b3 Nc7 21. Bb2 Ne6 22. Ba1 h5 23. Ne2 {Pniaczek,M (2180)-Paszewski,M (2329) Suwalki 2019 1-0 (53)}) 9. d3 Qb6 10. axb7 Bxb7 11. Re1 Rfd8 12. Ba4 h6 13. h3 d5 14. e5 Nh7 15. Bxd7 Rxd7 16. d4 cxd4 17. Ne2 d3 18. Qxd3 d4 19. Nexd4 g5 20. c3 Nf8 21. Nh2 Ng6 22. Qg3 Nh4 23. Nhf3 Nxf3+ 24. Nxf3 Rd3 25. h4 gxh4 26. Qxh4 Bxf3 27. gxf3 Rxf3 28. Bxh6 f5 29. Bxg7 Kxg7 30. Kh1 1-0

[Event "FIDE World Cup"]
[Site "Tbilisi"]
[Date "2017.09.09"]
[Round "3.1"]
[White "Carlsen, Magnus"]
[Black "Bu, Xiangzhi"]
[Result "0-1"]
[WhiteElo "2822"]
[BlackElo "2710"]
[Annotator "Marin,Mihail"]
[PlyCount "72"]
[EventDate "2017.09.03"]
[EventType "k.o."]
[EventRounds "7"]
[EventCountry "GEO"]
[SourceTitle "CBM 181"]
[Source "ChessBase"]
[SourceDate "2017.11.10"]
[SourceVersion "1"]
[SourceVersionDate "2017.11.10"]
[SourceQuality "1"]

1. e4 e5 2. Bc4 Nf6 3. d3 Nc6 4. Nf3 Be7 5. O-O O-O 6. Bb3 $5 {A comparatively rare variation.} ({The main line goes} 6. Re1 d6 7. a4) 6... d6 {I may be wrong, but after this slow move both players were on their own, without previous home preparation.} ({The alternative is} 6... d5 {in the spirit of the Marshall attack:} 7. exd5 Nxd5 8. h3 a5 9. a4 (9. a3 Nd4 {Radjabov,T (2740)-Ponomariov,R (2733) Medias 2010 CBM 137 [Rogozenco,D] (½-½, 30)}) 9... Nd4 {Karjakin,S (2723)-Gelfand,B (2758) Khanty-Mansiysk 2009 CBM 134 [Gelfand,B] (0-1, 33)}) 7. c3 Be6 {A natural developing move, but in the long run the bishop may be exposed to the threat d3-d4-d5.} ({Playing in the spirit of the Chigorin Ruy Lopez looks entirely viable:} 7... Na5 8. Bc2 c5 9. d4 (9. h3 Nc6 10. Re1 Qc7 11. Nbd2 Be6 12. Nf1 Nd7 13. Ng5 Bxg5 14. Bxg5 d5 $132 {Bortnyk,O (2588)-Wang,H (2712) Abu Dhabi 2016 (0-1, 23)}) 9... cxd4 10. cxd4 Nc6 11. d5 Nb4 12. Bb3 a5 13. a3 Na6 14. Bc2 Bd7 15. Bd2 a4 16. Re1 b5 $11 {Tiviakov,S (2639)-Nikolic,P (2601) Leiden 2015 (0-1, 48)}) 8. Re1 (8. Bxe6 fxe6 9. Qb3 Qc8 {stops the white initiative for instance} 10. Ng5 $6 Nd8) 8... Qd7 9. Nbd2 ({RR} 9. Bc2 Bg4 10. Nbd2 d5 11. exd5 Nxd5 12. h3 Bxf3 13. Nxf3 Bf6 14. Bg5 Rfe8 15. Qd2 Qd6 16. Bb3 Nf4 17. Bxf4 exf4 18. d4 Rad8 19. Qd3 Ne7 20. Re2 Ng6 21. Rae1 Qd7 22. Qc4 c6 23. Qxf7+ Qxf7 {Fedunov,D (1917)-Gavarrete,N (2281) chess.com INT 2025 1-0 (108)}) 9... Rab8 $146 {A mysterious move. At first I thought it was aimed at defending b7, but it looks more probable that it was a way of preparing ..b7-b5 in one of the lines below.} ({After the natural} 9... Rad8 {Black has to reckon with} 10. d4 $146 exd4 11. cxd4 Bg4 ({The discussion about the b7-pawn does not make sense. After} 11... Bxb3 12. Qxb3 d5 13. e5 Ne4 14. Nxe4 dxe4 15. Rxe4 Qd5 {with just some compensation, the rook is needed on d8, of course.}) 12. Ba4 $1 $14) (9... Bxb3 10. Qxb3 (10. axb3 a5 $5) 10... Nd8 $146 {[%cal Gc7c6,Gd8e6] looks like the most flexible way of freeing Black's position. For instance} 11. d4 exd4 12. cxd4 d5 13. e5 Nh5 14. g3 c6 {The control on the light squares offers Black good manoeuvring possibilities.}) ({What is not very clear to me is why did Black prefer the game move over} 9... a6 {with similar ideas.}) ({RR} 9... Rae8 10. Nf1 Bd8 11. Ng3 d5 12. Ba4 Qd6 13. Qe2 Nd7 14. b4 a6 15. Bb3 Ne7 16. d4 Ng6 17. dxe5 Ndxe5 18. Nxe5 Nxe5 19. Be3 b6 20. Rad1 Bc8 21. Bxd5 Qg6 22. Rd2 Ng4 23. Bd4 Bg5 24. Rd3 {Nicevski,R-Nemet,I Porec 1974 ½-½ (67)}) ({RR} 9... Rae8 10. h3 Bxb3 11. Qxb3 Na5 12. Qd1 Nc6 13. Qb3 {½-½ (13) Kudrin,S (2610)-Christiansen,L (2640) Needham 2000}) ({RR} 9... Kh8 10. Nf1 Nh5 11. d4 Bxb3 12. axb3 exd4 13. cxd4 Bf6 14. d5 Nb4 15. Be3 Bxb2 16. Rxa7 Rxa7 17. Bxa7 Bc3 18. Re3 Ra8 19. Rxc3 Rxa7 20. Qd4 c5 21. dxc6 Nxc6 22. Qd1 Nf4 23. Ng3 h6 24. h3 {Nunn,J (2597)-Wall,G (2319) London 2015 1-0 (39)}) 10. Bc2 (10. d4 {runs into} exd4 11. cxd4 Bg4 12. h3 (12. Ba4 b5 $1) 12... Bh5 {and White does not have adequate ways of maintaining his central pawns intact.} 13. Qc2 (13. g4 Nxg4 14. hxg4 Qxg4+ 15. Kh1 Nxd4 16. Re3 Qf4 17. Kg2 Bg5 18. Rd3 Qg4+ 19. Kf1 Qh3+ 20. Kg1 Bxd2 21. Nxd4 Qxd3 22. Qxd2 Qxe4 $19) 13... Na5 $11) (10. Nf1 {looks like a constructive alternative.}) 10... d5 $5 {Very provocative and eventually successful!} 11. h3 ({I assume Carlsen considered that after the imemdiate pawn grabbing} 11. exd5 Bxd5 12. Nxe5 ({Actually I find Black's position a bit artificial after} 12. h3 Bd6 13. Nf1) 12... Nxe5 13. Rxe5 Bd6 14. Re1 Rbe8 {offers Black too much initiative, partly because of the lack of defence of the g4-square. Here are a couple of lines sustaining this point of view.} 15. Nf1 (15. Nc4 Qg4 $1 $19) 15... Qg4 16. Qxg4 Bxh2+ $1 17. Kh1 (17. Nxh2 Rxe1+ 18. Nf1 Nxg4 $19) (17. Kxh2 Nxg4+ 18. Kg3 Rxe1 $19) 17... Nxg4 18. Rxe8 Rxe8 19. f3 Bd6 20. fxg4 Re2 $44 21. Ba4 $3 {[%csl Gc6]} (21. Bb3 Bc6 $1 22. d4 Be4 $1) 21... Rxg2 22. Ne3 Rh2+ 23. Kg1 Rh1+ 24. Kf2 Rh2+ {with a perpetual.}) 11... h6 {Preventing g5 and reckoning with the fact that after h2-h3 Black gets attacking chances in another way than in the lines above.} 12. exd5 {Picking up the gauntlet. Being a world champion creates certain obligations.} Nxd5 13. Nxe5 Nxe5 14. Rxe5 Bd6 15. Re1 Bxh3 $1 {Due to his advance in development, Black gets full compensation for the sacrifced piece.} 16. gxh3 Qxh3 17. Nf1 {The most consistent move.} (17. Qf3 {would have allowed (and forced!) a draw by perpetual:} Bh2+ 18. Kh1 Bg3+) (17. Nf3 $2 {runs into problems:} Rbe8 18. Bd2 (18. d4 Rxe1+ 19. Qxe1 Qxf3) (18. Rxe8 Rxe8 19. d4 Re6 $19 {[%cal Gf7f5,Ge6g6]}) 18... Rxe1+ 19. Bxe1 Nf4 $19) 17... Rbe8 {Black's play flows naturally, in a similar way to the Marshall attack main lines. For White, there are small choices on each step and the correct answer is not always obvious. This slightly speaks against Carlsen's decision to allow the sacrifice.} 18. d4 (18. Bb3 c6 19. Bd2 Re6 20. Rxe6 fxe6 21. Qe1 Rf6 22. Qe4 Kf7 $44) 18... f5 19. Bb3 c6 20. f4 Kh7 (20... g5 $5 {, immedoately putting pressure on f4, may have been even stronger:} 21. Re2 ({The point is that} 21. fxg5 $2 {clears the fourth rank for the rook:} Re4 $19) 21... Kg7 22. Rf2 Nxf4 23. Bxf4 Bxf4 24. Qf3 Qxf3 25. Rxf3 Re7 26. Rd1 h5 {Black has only two pawns for the piece but the compact kingside mass is threatening.}) {Black has a strong attack for the piece and White faces the threat on f4. Carlsen decides on parrying it in a simplistic way.} 21. Bxd5 $2 {This bishop was important because it now only was ready taking on d5 when really needed but also defended the queen.} (21. Re2 $1 {was the only way of staying out of troubles. Black would have retained compensation for the piece, even though not necessarily entirely adequate.} Nxf4 (21... Rxe2 22. Qxe2 Rf6 23. Bxd5 cxd5 24. Nh2 Rg6+ 25. Kh1 Rg4 26. Bd2 Bxf4 27. Bxf4 Rxf4 28. Rf1 $44) (21... Qg4+ 22. Rg2 $16 {[%cal Gb3d1]}) 22. Rh2 Qg4+ 23. Qxg4 fxg4 $44 {/}) 21... cxd5 22. Re3 (22. Re2 {does not work anymore:} Qg4+ {[%csl Gd1]} 23. Kf2 g5 24. fxg5 Re4 $40) 22... Rxe3 23. Bxe3 g5 $19 {Being incompletely developed, White is helpless now against the combined attack of Black's pieces and pawns.} 24. Kf2 (24. fxg5 f4 25. Qc2+ Rf5 {[%cal Gf4f3]} (25... Kh8 26. Qg6) 26. Bf2 f3 27. Be3 Kh8 28. c4 Qg4+ 29. Kh1 Qh4+ 30. Kg1 f2+ 31. Bxf2 Rxg5+) 24... gxf4 25. Qf3 (25. Bd2 Qh4+ 26. Kf3 Rg8 $19) 25... fxe3+ 26. Nxe3 Qh2+ 27. Kf1 Rg8 {Black is attacking with equal material already.} 28. Qxf5+ Rg6 $1 ({The only way to avoid the repetition. If} 28... Kh8 29. Qf6+ Rg7 30. Nf5 $11 {it is Black already who needs to look for a perpetual.}) 29. Ke1 h5 $6 {This could have spoiled the win, as it is by one tempo too slow.} ({Black should have unpinned the rook at once. He would escape from perpetual with a curious manoeuvre:} 29... Kg7 $1 30. Qd7+ Kh8 31. Qd8+ Kh7 32. Qd7+ Rg7 33. Qf5+ Kh8 34. Qc8+ Rg8 $19) 30. Kd1 $2 ({Missing his chance with:} 30. Rd1 $1 {Good or bad, White needs to complete his development. Even great players tend to forget simple things under the pressure.} Kh6 31. Rd2 Rg1+ 32. Nf1 Qh4+ 33. Rf2 {and White is entirely safe already.}) 30... Kh6 31. Nc2 h4 {The rest is agony. There is no perpetual, the white king is in danger and the h-pawn unstoppable.} 32. Ne1 h3 33. Nf3 Qg2 34. Ne1 Qg4+ 35. Qxg4 Rxg4 36. Nf3 Rg1+ $5 (36... Rg1+ 37. Nxg1 h2) 0-1